[Event "St Petersburg Korchnoi Memorial op"]
[Site "St Petersburg"]
[Date "2018.08.19"]
[Round "5"]
[White "Markova, Anna"]
[Black "Kolesnyak, Artem"]
[Result "1-0"]
[WhiteElo "1530"]
[BlackElo "1171"]
[PlyCount "37"]
[EventDate "2018.08.15"]
[EventType "swiss"]
[EventRounds "9"]
[EventCountry "RUS"]
[SourceTitle "CBM 186 Extra"]
[Source "ChessBase"]
[SourceDate "2018.08.24"]
[SourceVersion "1"]
[SourceVersionDate "2018.08.24"]
[SourceQuality "1"]

1. c4 Nf6 2. Nc3 g6 3. d4 Bg7 4. e4 d6 5. Bd3 0-0 6. Be3 c5 7. d5 e6 8. Qd2 exd5 9. exd5 Re8 10. 0-0-0 a6 11. h3 b5 12. cxb5 axb5 13. Bxb5 Qa5 14. Bxe8 Ne4 15. Nxe4 Qxa2 16. Nc3 Bxc3 17. Qxc3 Qa1+ 18. Kc2 Qa4+ 19. Bxa4 1-0